000 00424cam a2200181ua 4500
020 _c10.00
041 _ahin
_h
082 _a891.43
_bELL/YO
100 _aEllis, Havelock .
245 _aYoun manovijnan /
_cHavelock Ellis.
_hTextual Documents
250 _a2 /
_b.
260 _a :
_bRajpal and Sanch ,
_c1961.
300 _a360 ; .
365 _a10.00
504 _a
942 _cBK
999 _c12244
_d12244